Największe miejscowości w powiecie olkuskim A-Z - Statystyki

Ogólne statystyki
  • Ten quiz został rozwiązany 74 razy
  • Średni wynik to 9 z 22
Statystyki odpowiedzi
Litera Odpowiedź % Poprawnych
K Klucze
91%
O Olkusz
91%
B Bukowno
88%
W Wolbrom
73%
C Chechło
67%
Ż Żurada
64%
J Jaroszowiec
58%
T Trzyciąż
52%
Z Zederman
48%
I Imbramowice
42%
G Gorenice
33%
H Hutki
27%
D Dłużec
24%
M Małobądz
21%
S Sieniczno
21%
U Ujków Nowy
21%
Ł Łobzów
18%
R Ryczówek
18%
L Laski
15%
Ś Ściborzyce
12%
P Podlipie
6%
N Niesułowice
3%
Nie znaleziono quizów pasujących do podanych kryteriów
Rozkład punktacji
Procent ludzi z każdym wynikiem
Percentyl według liczby udzielonych odpowiedzi
Twoja historia wyników
Nie rozwiązałeś tego quizu